Word Ladder: Groucho's Bros Quiz Stats

Quiz Updated Sep 7, 2015

Challenge
Share
Tweet
Embed
Score 0/28 Timer 05:00
0 Plays Today
Hint 5-Letter Word % Correct
Hen's offspringCHICK
96.6%
Select with a mouseCLICK
96.6%
Chili con _____CARNE
95.2%
'_____ Diem' (Seize the Day)CARPE
95%
Flower childHIPPY
91.8%
Alarm deviceCLOCK
90.5%
African 'river horse'HIPPO
90.2%
Pharrell's 'Despicable Me 2' hitHAPPY
90.1%
Brand of reusable metal lighterZIPPO
89.7%
Groucho's BroHARPO
89.2%
Monstrous bird with a woman's faceHARPY
85.8%
Chess grandmaster FischerBOBBY
83.9%
Impede progressBLOCK
83.5%
Tiny moon of Jupiter named for a HoraeCARPO
82%
Hint 5-Letter Word % Correct
Groucho's BroCHICO
81.6%
Creole or Cajun stewGUMBO
78.8%
Groucho's BroZEPPO
78.8%
Amorphous shapesBLOBS
75.3%
Political voting groupsBLOCS
75.2%
Stupid peopleBOOBS
74%
Seabird with brightly colored feetBOOBY
74%
He played Alfie and Alfred the ButlerCAINE
72.2%
Pokey's pliable partnerGUMBY
72.1%
Cotton cloth used to make trousersCHINO
71.7%
Steep-sided river valleyCHINE
61.6%
Former NFL quarterback BristerBUBBY
54.8%
Groucho's BroGUMMO
51.7%
British cricket legend _____ AllenGUBBY
50.5%

Today's Daily Dose

Missing Word
1974 Movies A-Z

Word Ladder
The White Album

Quick Pick
Gods of War

On This Day
February 22nd II

You're not logged in!

Compare scores with friends on all Sporcle quizzes.
Sign Up with Email
OR
Log In

You Might Also Like...

Show Comments

Extras

Top Quizzes Today


Score Distribution

Your Account Isn't Verified!

In order to create a playlist on Sporcle, you need to verify the email address you used during registration. Go to your Sporcle Settings to finish the process.